Muistatko laulun sanat? Kun olet poissa - Eppu Normaali - Statistics

Yleistilastot
  • Tätä visaa on pelattu 151 kertaa
  • Keskiarvotulos 129 / 202
Vastaustilastot
Vastaus % Oikein
Kun
100%
kun
100%
olet
100%
poissa
100%
kuu
85%
ja
78%
joissa
74%
noissa
73%
yksin
73%
en
72%
heijastuu
71%
Näen
70%
kohinaa
69%
sen
69%
soissa
69%
kasvojasi
67%
kuunnellen
67%
makaan
67%
mieleni
67%
saa
67%
se
67%
elä
66%
jolloin
66%
hetkeä
65%
Miksi
65%
Sitä
65%
tolloillen
65%
saavuttaa,
64%
saavuttaa
64%
aurinko
63%
nousta
62%
veren
62%
Lätäköissä
60%
Saisi
59%
Tai
58%
muunnellen
57%
jos
56%
tempoa
56%
sitten
55%
on
53%
nukahtaa
52%
tahtoisin
52%
kappaletta
51%
Samaa
51%
vanhaa
50%
50%
50%
vain
49%
unta
47%
kuin
45%
enkä
44%
heijastus
44%
peloistani?
44%
katkeaa
43%
selviä
43%
minulle
42%
sinäkin
41%
veloistani
41%
Ajatukseni
37%
lamppua
35%
loistavaa
35%
perhoset
35%
itseänsä
34%
Joku
34%
sinut
34%
tullut
34%
taivuttaa
33%
toistavaa
33%
jakaa
31%
Kiertelevät
31%
hullut
30%
kanssani
30%
antaa
29%
kuunnella
29%
minun
29%
hiljaa
28%
jousta
27%
rataa
27%
vitsejänsä
24%
itsensä
23%
seurassa
23%
huonossa
21%
mykkiä
21%
Ajatusteni
19%
Ehtoja vastaavia visoja ei löytynyt
Tulosjakauma
Jokaisen tuloksen saaneiden osuus
Persentiili vastausten määrän mukaan
Tuloshistoriasi
Et ole pelannut tätä visaa